name the pound for pound boxing rankings - Statistics

General Stats
  • This quiz has been taken 103 times
  • The average score is 9 of 15
Answer Stats
Hint Answer % Correct
#4 Canelo Álvarez
94%
#1 Terence Crawford
90%
#3 Oleksandr Usyk
89%
#11 Tyson Fury
85%
#2 Naoya Inoue
82%
#8 Gervonta Davis
78%
#7 Devin Haney
69%
#12 Artur Beterbiev
64%
#6 Errol Spence Jr.
57%
#10 Vasiliy Lomachenko
54%
#14 Shakur Stevenson
40%
#13 jermell Charlo
25%
#5 Dmitry Bivol
11%
#15 Juan Francisco Estrada
8%
#9 Teófimo López
8%
No matching quizzes found
Score Distribution
Percent of People with Each Score
Percentile by Number Answered
Your Score History
You have not taken this quiz